Statistics for Disney Pixar Character by Quote #4

Click here to take the quiz!

General Stats

  • This quiz has been taken 79 times
  • The average score is 8 of 15

Answer Stats

HintAnswer% Correct
"Honey, where's my super suit?"Frozone
83%
"That's the last time I lose to you, Sullivan."Randall
78%
"Do you ever look at someone and wonder, what is going on inside their head?"Joy
67%
"I am a Wilderness Explorer in Tribe 54, Sweat Lodge 12, are you in any need of assistance today sir?"Russell
63%
"Take her to the moon for me."Bing Bong
59%
"Go get him googly bear!"Celia
59%
"Hop inside my mouth, if you want to live."Nigel
56%
"We're all just trash, waiting to be thrown away!"Lotso
53%
"Hey, let's play a game. It's called "See Who Can Be Quiet the Longest"."Carl Fredricksen
52%
"You sly dog! You caught me monologuing!"Syndrome
50%
"Pretend I'm Merida. I don't want to get married, I want to stay single and let my hair flow in the wind as I ride through the Glen, firing arrows into the sunset."King Fergus
45%
"Ratatouille doesn't sound delicious. It sounds like 'rat' and 'patootie.' Rat-patootie."Linguini
44%
"Respect the classics man, it's Hendricks!"Fillmore
38%
"Easy with the confetti."Chick Hicks
28%
"I might be old but I've still got a spring in my step."Slinky
28%

Score Distribution

Percentile by Number Answered

Percent of People with Each Score

Your Score History

You have not taken this quiz